000 00994nam a2200289 i 4500
001 000028553
003 DO-SdBNP
005 20260310141204.0
007 ta
008 110411s1940 dr r 000 0 spa d
040 _aDO-SdBNP
_bspa
_cBNPHU
_erda
041 _aspa
082 4 _a972.93
_bC334d
_222
100 1 _aCasado Soler, Ramón Rafael,
_eautor
_4aut.
_943923
245 1 0 _aDominicana :
_bhacia la integración de nuestro nombre patrio /
_cR. Raf. Casado Soler.
264 1 _aCiudad Trujillo, República Dominicana :
_bMontalvo,
_c1940.
300 _a59 páginas ;
_c19 cm.
336 _atexto
_btxt
_2rdacontent
337 _asin mediación
_bn
_2rdamedia
338 _avolumen
_bnc
_2rdacarrier
590 _aInventariado, 2018/VM
650 4 _aNacionalismo y cultura
_zRepública Dominicana
_955510
650 4 _aIdentidad nacional
_zRepública Dominicana
_934479
651 4 _aRepública Dominicana
_xHistoria
_9170
910 _aValidado. Control de calidad MFF
942 _2ddc
_cLBS1
999 _c28045
_d28045